000 00817nam a2200229Ia 4500
003 BUBTL
008 151213s9999 xx 000 0 und d
041 _aBengli
082 _a347.73/ M5803c/ 1998
100 _aমিয়া, সিদ্দিকুর রহমান
_95707
245 _aদেওয়ানী কার্যবিধি/
_cসিদ্দিকুর রহমান মিয়া
250 _a১ম সং
260 _aঢাকা
_bখোশরোজ পাবলিকেশন্স।
_cc1998
300 _a[24], 215p. :
_bill. ; 21 cm.
526 _aLaw
650 _aLaw
650 _a
700 _aসিদ্দিকুর রহমান মিয়া
_95708
856 _k0
_l0
_yDownload
942 _2ddc
_cBK
999 _c1969
_d1969